000 00947nam0a22002651 4500
001 v19\rc\1403073
005 20260405115107.0
035 _a(NLR Aleph) 005222688
090 _a5521771
_c5521771
100 _a20060512d1874 |||y0rusy50 ca
101 0 _arus
102 _aRU
105 _ay z |||a|
200 1 _aИгра в любовь
_eКомедия в 4 д.
_fСоч. Н.Н. Куликова
210 _a[Санкт-Петербург]
_cА. Мозер
_dценз. 1874
215 _a[2], 120 с.
_d22
309 _aНаписано от руки. Литогр.
700 1 _8rus
_7ca
_aКуликов
_bН. Н.
_cдраматург
_f1844-1898
_gНиколай Николаевич
_3RU\NLR\AUTH\7745532
_928469
801 2 _aRU
_bNLR
_c20070813
_2rusmarc
801 0 _aRU
_bNLR
_c20060512
_gpsbo
801 0 _aRU
_bRuMoRGB
_c20060512
_2psbo
801 1 _aRU
_bProSoft-M
_c20060512
_2rusmarc
852 _aNLR
_j18.132.2.227
942 _cBOOK
980 _aNB